000
00211 a2200097 4500
001
30364
100
_a
Happe, P
245
_a
English Mystery Plays
260
_a
London
_b
Penguin Books
_c
090
_c
20317
_d
20317
942
_a
NUST-CAE
_c
M
_c
11467
999
_c
265437
_d
265437